|
|
|
|
| LEADER |
00000nam a22000007a 4500 |
| 005 |
20171031181026.0 |
| 007 |
cr|||| |||| |
| 008 |
171031s2016 sp |||||s|||| 00||0 spa d |
| 020 |
|
|
|a 978-84-9148-104-1
|
| 035 |
|
|
|a 20800
|
| 040 |
|
|
|a vLex
|
| 090 |
|
|
|c 7178
|d 7178
|
| 100 |
1 |
|
|a Mariǫ De Andrš, ℓngel Manuel
|
| 245 |
1 |
2 |
|a El contrato de vitalicio en el derecho civil gallego
|h [Recurso electrn̤ico] /
|c ℓngel Manuel Mariǫ De Andrš, Profesor titular de Derecho Civil de la Universidad de Vigo
|
| 256 |
|
|
|a Servicio en ln̕ea
|
| 260 |
|
|
|a Madrid:
|b Dykinson,
|c 2016
|
| 300 |
|
|
|a 1 recurso electrn̤ico
|
| 500 |
|
|
|a En el Derecho civil comn︢, fue la Ley 41/2003, de 18 de noviembre, de proteccin̤ patrimonial de las personas con discapacidad la que vino a regular el contrato de alimentos, una figura que vino a ser la sucesora del vitalicio y que ya contaba con una innegable tipicidad social. Conforme la esperanza de vida ha ido aumentando en nuestra sociedad, el vitalicio ha cobrado una importancia prc̀tica que le hace estar necesitado de obras serias y meditadas como la que el lector tiene en sus manos: La necesidad de procurar atenciones, medios materiales y afectivos a las personas mayores en un entorno de seguridad debe resultar proporcionada con los bienes que se transmiten, y esa proporcionalidad no siempre es percibida de la misma manera por los distintos intervinientes y por las personas ms̀ cercanas a unos y a otros. Pero el contrato de vitalicio, que pas ̤a tener regulacin̤ en el Cd̤igo civil con esa ley 41/2003, ya tena̕ regulacin̤ en el Derecho gallego desde la Ley 4/1995, de 24 de mayo, de Derecho civil de Galicia. La litigiosidad que ofrece la figura en el m̀bito familiar y sucesorio, a la que han de unirse sus implicaciones tributarias, conforman alrededor del vitalicio un autňtico semillero de cuestiones que presentan un gran interš para el jurista, y que en el Derecho civil gallego tienen ahora su rǧimen en la vigente Ley 2/2006, de Derecho civil de Galicia. Esta monografa̕, alineada en la estructura tradicional de los estudios de contratos en particular, acomete con rigor y detalle la delimitacin̤ de la figura con otras figuras cercanas o afines, los elementos subjetivos, la forma del contrato y, sobre todo, el rǧimen de las prestaciones que se dan cita en el mismo y sus causas de extincin̤. Y todo ello en el escenario de unas tierras como las gallegas, en las que el vitalicio ha formado parte de su tradicin̤ misma.
|
| 506 |
1 |
|
|a Disponible solo en los productos indicados
|d vLex Global
|d vLex Global (Academic Edition, excluding Law Schools)
|d vLex Global (U.S. Academic Edition, Law Schools)
|d vLex Global (U.S. Academic Edition, excluding Law Schools)
|d vLex Global (Academic Edition, Law Schools)
|
| 650 |
0 |
4 |
|a Derecho Civil
|z Espaą
|
| 650 |
0 |
4 |
|a Obligaciones y Contratos
|z Espaą
|
| 740 |
0 |
|
|a vLex Libros (Servicio en ln̕ea)
|
| 856 |
4 |
0 |
|u http://vlex.com/source/contrato-de-vitalicio-en-el-derecho-civil-gallego-20800
|z Acceso restringido
|
| 942 |
|
|
|c BOOK
|
| 999 |
0 |
|
|a Civil law
|
| 999 |
0 |
|
|a Contracts
|